[Event "American Continental 19th"]
[Site "Foz do Iguacu"]
[Date "2025.05.30"]
[Round "10"]
[White "Reyes Zavaleta, Cristhian Yamil"]
[Black "Johnson, Joshua"]
[Result "1-0"]
[WhiteElo "2073"]
[BlackElo "2267"]
[PlyCount "68"]
[EventDate "2025.05.23"]
[EventType "swiss"]
[EventRounds "11"]
[EventCountry "BRA"]
[SourceTitle "CB23_2025"]
[SourceDate "2025.06.04"]
[SourceVersion "1"]
[SourceVersionDate "2025.06.04"]
[SourceQuality "1"]

1. d4 Nf6 2. c4 e6 3. g3 d5 4. Nf3 Bb4+ 5. Bd2 Be7 6. Bg2 0-0 7. 0-0 Nbd7 8. Qc2 c6 9. Bf4 b6 10. Rd1 Ba6 11. cxd5 cxd5 12. Nc3 b5 13. a4 b4 14. Nb5 Rc8 15. Qb3 Qb6 16. Ne5 Nb8 17. g4 Bb7 18. e3 a6 19. Nc3 Nc6 20. Ne2 Nxe5 21. dxe5 Nd7 22. a5 Qc7 23. Nc1 Nxe5 24. Nd3 Qc4 25. Qxc4 Nxc4 26. b3 Na3 27. Be5 Rc2 28. Bf1 Rfc8 29. Bd4 Nb5 30. Ne1 Nxd4 31. exd4 R2c3 32. Rab1 g5 33. Rd3 f6 34. f4 gxf4 1-0

[Event "American Continental 19th"]
[Site "Foz do Iguacu"]
[Date "2025.05.26"]
[Round "5"]
[White "Johnson, Joshua"]
[Black "Bauza, Alejandro"]
[Result "1/2-1/2"]
[WhiteElo "2267"]
[BlackElo "2119"]
[PlyCount "85"]
[EventDate "2025.05.23"]
[EventType "swiss"]
[EventRounds "11"]
[EventCountry "BRA"]
[SourceTitle "CB23_2025"]
[SourceDate "2025.06.04"]
[SourceVersion "1"]
[SourceVersionDate "2025.06.04"]
[SourceQuality "1"]

1. e4 e6 2. d4 d5 3. Nc3 Nf6 4. e5 Nfd7 5. f4 c5 6. Nf3 Nc6 7. Be3 a6 8. a3 Qc7 9. Qd2 cxd4 10. Nxd4 Nxd4 11. Bxd4 Bc5 12. 0-0-0 Bxd4 13. Qxd4 Qc5 14. Ne2 Qxd4 15. Nxd4 Nb6 16. Rd3 0-0 17. Be2 Na4 18. Bf3 Bd7 19. Re3 Rac8 20. Rd1 Rc7 21. g4 Nb6 22. Be2 Nc4 23. Rf3 Na5 24. f5 Nc6 25. Nxc6 Bxc6 26. fxe6 fxe6 27. Rdf1 Rxf3 28. Rxf3 Rf7 29. Kd2 g5 30. Rxf7 Kxf7 31. Kc3 Ke7 32. Kd4 Kd7 33. b3 a5 34. Bd3 h6 35. Bg6 b6 36. Bd3 Kc7 37. Ba6 Be8 38. Bd3 Kc6 39. c4 dxc4 40. Kxc4 b5+ 41. Kd4 Kb6 42. b4 axb4 43. axb4 1/2-1/2

[Event "American Continental 19th"]
[Site "Foz do Iguacu"]
[Date "2025.05.24"]
[Round "2"]
[White "Azevedo Junior, Jose Ferreira"]
[Black "Johnson, Joshua"]
[Result "1/2-1/2"]
[WhiteElo "2102"]
[BlackElo "2267"]
[PlyCount "140"]
[EventDate "2025.05.23"]
[EventType "swiss"]
[EventRounds "11"]
[EventCountry "BRA"]
[SourceTitle "CB23_2025"]
[SourceDate "2025.06.04"]
[SourceVersion "1"]
[SourceVersionDate "2025.06.04"]
[SourceQuality "1"]

1. d4 d5 2. Nf3 Nf6 3. c4 c6 4. g3 Bf5 5. Nc3 e6 6. Bg2 h6 7. 0-0 Be7 8. Qb3 Qb6 9. c5 Qxb3 10. axb3 0-0 11. b4 a6 12. b5 cxb5 13. Nxb5 Nc6 14. Nc3 Nd7 15. Na4 g5 16. e3 b6 17. cxb6 Rfb8 18. Bd2 Nxb6 19. Nxb6 Rxb6 20. Bc3 Na7 21. Ra2 Nb5 22. Rfa1 Nxc3 23. bxc3 Rb1+ 24. Rxb1 Bxb1 25. Ra1 Be4 26. Ne5 Bxg2 27. Kxg2 Bd6 28. Nd7 Ra7 29. Nb6 Bc7 30. Na4 Kf8 31. Kf3 Ke7 32. e4 f5 33. e5 a5 34. Ke3 Rb7 35. Kd3 Rb5 36. f3 Kd7 37. Kc2 Kc6 38. h3 Rb8 39. f4 Rg8 40. Nc5 Rg6 41. Nd3 Bb6 42. Rg1 Rg8 43. g4 Kd7 44. gxf5 exf5 45. fxg5 hxg5 46. Nf4 Bxd4 47. cxd4 Rc8+ 48. Kd3 gxf4 49. Rg7+ Kc6 50. h4 Rh8 51. Ra7 Kb5 52. Rd7 Kb4 53. Rxd5 a4 54. Rd7 a3 55. e6 f3 56. Rb7+ Ka4 57. d5 a2 58. Ra7+ Kb3 59. d6 f2 60. Ke2 Rxh4 61. d7 Ra4 62. Rxa4 Kxa4 63. d8Q f1Q+ 64. Kxf1 a1Q+ 65. Kf2 Qa2+ 66. Kf3 Qxe6 67. Qd4+ Kb5 68. Kf4 Kc6 69. Qe5 Kd7 70. Qxf5 Qxf5+ 1/2-1/2

[Event "American Continental 19th"]
[Site "Foz do Iguacu"]
[Date "2025.05.23"]
[Round "1"]
[White "Johnson, Joshua"]
[Black "De Souza Neto, Hilton Vilarim"]
[Result "1-0"]
[WhiteElo "2267"]
[BlackElo "1881"]
[PlyCount "103"]
[EventDate "2025.05.23"]
[EventType "swiss"]
[EventRounds "11"]
[EventCountry "BRA"]
[SourceTitle "CB23_2025"]
[SourceDate "2025.06.04"]
[SourceVersion "1"]
[SourceVersionDate "2025.06.04"]
[SourceQuality "1"]

1. c4 Nf6 2. g3 g6 3. Bg2 Bg7 4. Nc3 0-0 5. d4 d6 6. h3 c6 7. Nf3 Nbd7 8. 0-0 Re8 9. e4 e5 10. Re1 Qc7 11. Be3 a6 12. Rc1 b6 13. Qd2 Bb7 14. Bg5 Rad8 15. d5 c5 16. Bf1 Rb8 17. a3 Kh8 18. Kh2 Ng8 19. Bd3 f6 20. Be3 g5 21. Kg2 Ne7 22. h4 g4 23. Nh2 h5 24. Qd1 Bc8 25. f3 Nf8 26. fxg4 Qd7 27. gxh5 Qh3+ 28. Kh1 Kh7 29. Qf3 Ng8 30. Bf1 Qd7 31. g4 Kh8 32. Rc2 Nh7 33. Rg2 Rf8 34. Qe2 Qe7 35. Qd2 Rf7 36. g5 fxg5 37. hxg5 Rf4 38. h6 Nxh6 39. Bxf4 exf4 40. gxh6 Be5 41. Nf3 Bh3 42. Rg1 Bd7 43. Qg2 Rd8 44. Nxe5 dxe5 45. Qg7+ Qxg7 46. Rxg7 Nf6 47. Be2 Ng8 48. Rg6 Rf8 49. Reg1 Ne7 50. Rg7 Bh3 51. Rxe7 f3 52. Rgg7 1-0

[Event "Catalunya-chT Gp1 Relegation 1"]
[Site "Barcelona"]
[Date "2025.03.08"]
[Round "3.6"]
[White "Ayas Fernandez, Antonio"]
[Black "Johnson, Joshua"]
[Result "1/2-1/2"]
[WhiteElo "2170"]
[BlackElo "2276"]
[PlyCount "251"]
[EventDate "2025.02.22"]
[EventType "team-k.o."]
[EventRounds "4"]
[EventCountry "ESP"]
[SourceTitle "CB14_2025"]
[SourceDate "2024.11.01"]
[SourceVersion "1"]
[SourceVersionDate "2024.11.01"]
[SourceQuality "1"]
[WhiteTeam "Lira Vendrellenca"]
[BlackTeam "Badalona Cor de Marina"]
[WhiteTeamCountry "ESP"]
[BlackTeamCountry "ESP"]

1. Nf3 d5 2. b3 Bf5 3. Bb2 e6 4. g3 h6 5. Bg2 Nf6 6. 0-0 Be7 7. d3 0-0 8. Nbd2 a5 9. c4 Nbd7 10. Rc1 c6 11. Re1 Bh7 12. cxd5 exd5 13. a3 Qb6 14. d4 Rfe8 15. Ne5 Nf8 16. e3 Bd6 17. Ndf3 Ne6 18. Nd3 Nd7 19. Nfe5 Nxe5 20. Nxe5 Qd8 21. Qh5 Qe7 22. a4 Nc7 23. f4 Bb4 24. Re2 Rad8 25. f5 Rf8 26. Rf1 Qg5 27. Qf3 Rd6 28. h4 Qd8 29. Qf2 f6 30. Nd3 Na6 31. g4 Re8 32. Nf4 Nc7 33. Nh5 Rd7 34. Kh1 Bd6 35. Rg1 Rf7 36. Bf3 Kh8 37. Ree1 Rfe7 38. Bc1 Rf8 39. Be2 Bb4 40. Ref1 Ne8 41. Bd3 Ref7 42. Rg3 Bd6 43. Rgg1 Bb8 44. Nf4 Nc7 45. Ba3 Re8 46. Qd2 Na6 47. Bxa6 bxa6 48. Rf2 Rb7 49. Qc3 Qb6 50. Rb1 Re4 51. Kg2 Ba7 52. Bc5 Qc7 53. Bxa7 Rxa7 54. Re1 Rb7 55. h5 Qb6 56. Rc2 Rbe7 57. Rce2 Re8 58. Kf3 Rb8 59. Rb2 Bg8 60. Rc1 Rbe8 61. Re2 Bf7 62. Qd3 Kh7 63. Rc5 Rb8 64. Rc3 Re7 65. Rec2 Be8 66. Ne6 Bd7 67. Nf4 Rbe8 68. Qd2 Re4 69. Rd3 Qb4 70. Qxb4 axb4 71. Rc5 Kg8 72. Ra5 Rb8 73. Rd2 Kf7 74. Nd3 Rbe8 75. Re2 R4e7 76. Rxa6 Rb8 77. Ra7 Bc8 78. Rxe7+ Kxe7 79. Nc5 Kd6 80. Ra2 Kc7 81. a5 Ra8 82. Ra4 Ba6 83. Ne6+ Kd6 84. Nxg7 Bb5 85. Ra2 Bd3 86. Ne6 Be4+ 87. Kf4 Bb1 88. Ra1 Bd3 89. Nc5 Be2 90. Re1 Bb5 91. a6 Ra7 92. Ra1 Be2 93. Ra4 Bb5 94. Ra1 Be2 95. Kg3 Kc7 96. Kf4 Kb6 97. Ra2 Bb5 98. Kf3 Kc7 99. Kf2 Kb8 100. Kf3 Ka8 101. Ra1 Re7 102. a7 Rc7 103. Ne6 Re7 104. Ra5 Bd3 105. Nc5 Bb5 106. Ra2 Rg7 107. Ne6 Re7 108. Kf4 Bf1 109. Ra4 Bb5 110. Ra5 Be2 111. Ra2 Bd1 112. Ra4 Rb7 113. Nc5 Rg7 114. e4 dxe4 115. Kxe4 Rxg4+ 116. Kd3 Rg7 117. Rxb4 Bxh5 118. Rb8+ Kxa7 119. Rh8 Bg4 120. Rxh6 Rf7 121. Kc4 Bxf5 122. d5 cxd5+ 123. Kxd5 Bg4 124. Ne4 Bf3 125. Ke6 Rb7 126. Nxf6 1/2-1/2

[Event "Catalunya-chT Gp1 Relegation 1"]
[Site "Barcelona"]
[Date "2025.03.01"]
[Round "2.4"]
[White "Johnson, Joshua"]
[Black "Shatko, Danil"]
[Result "1/2-1/2"]
[WhiteElo "2276"]
[BlackElo "2216"]
[PlyCount "79"]
[EventDate "2025.02.22"]
[EventType "team-k.o."]
[EventRounds "4"]
[EventCountry "ESP"]
[SourceTitle "CB14_2025"]
[SourceDate "2024.11.01"]
[SourceVersion "1"]
[SourceVersionDate "2024.11.01"]
[SourceQuality "1"]
[WhiteTeam "Badalona Cor de Marina"]
[BlackTeam "Geva CEA"]
[WhiteTeamCountry "ESP"]
[BlackTeamCountry "ESP"]

1. e4 e6 2. d4 d5 3. Nc3 Nf6 4. e5 Nfd7 5. f4 c5 6. Nf3 Qb6 7. a3 Nc6 8. Be3 cxd4 9. Nxd4 Bc5 10. Na4 Qa5+ 11. c3 Bxd4 12. Bxd4 0-0 13. Be2 Nxd4 14. Qxd4 b6 15. Qb4 Qxb4 16. axb4 a5 17. Bb5 axb4 18. cxb4 f6 19. exf6 Nxf6 20. 0-0 Bd7 21. Nc3 Rxa1 22. Rxa1 d4 23. Bxd7 Nxd7 24. Ne2 d3 25. Nc1 Rxf4 26. Nxd3 Rd4 27. Ra3 e5 28. Rb3 Kf7 29. Ne1 e4 30. Kf2 Nf6 31. Ke3 Rc4 32. Kd2 b5 33. Nc2 Nd5 34. g3 Ke6 35. Na3 Rd4+ 36. Ke2 Nxb4 37. Nxb5 Rc4 38. Na3 Rd4 39. Nb5 Rc4 40. Na3 1/2-1/2

[Event "Catalunya-chT Gp1 Relegation 1"]
[Site "Barcelona"]
[Date "2025.02.22"]
[Round "1.4"]
[White "Rahal, Michael"]
[Black "Johnson, Joshua"]
[Result "0-1"]
[WhiteElo "2283"]
[BlackElo "2267"]
[PlyCount "54"]
[EventDate "2025.02.22"]
[EventType "team-k.o."]
[EventRounds "4"]
[EventCountry "ESP"]
[SourceTitle "CB11_2025"]
[SourceDate "2025.03.12"]
[SourceVersion "1"]
[SourceVersionDate "2025.03.12"]
[SourceQuality "1"]
[WhiteTeam "Ateneu Colon"]
[BlackTeam "Badalona Cor de Marina"]
[WhiteTeamCountry "ESP"]
[BlackTeamCountry "ESP"]

1. d4 d5 2. Bf4 c5 3. e3 Nc6 4. Nf3 Nf6 5. Nbd2 Qb6 6. dxc5 Qxb2 7. Rb1 Qc3 8. Bb5 g6 9. e4 dxe4 10. Be5 Qa5 11. Bxf6 exf6 12. 0-0 exf3 13. Qxf3 Qd8 14. Bxc6+ bxc6 15. Qxc6+ Bd7 16. Rfe1+ Be7 17. Qxf6 Rg8 18. c6 Be6 19. Rxe6 fxe6 20. Qxe6 Rf8 21. Ne4 Rf7 22. Ng5 Rf6 23. Qg8+ Rf8 24. Qxh7 Qd6 25. Re1 0-0-0 26. h4 Rfe8 27. Qg7 Qf6 0-1

[Event "Olympiad-45"]
[Site "Budapest"]
[Date "2024.09.19"]
[Round "8.1"]
[White "Johnson, Joshua"]
[Black "Kao, Jamison Edrich"]
[Result "1-0"]
[WhiteElo "2267"]
[BlackElo "2125"]
[PlyCount "103"]
[EventDate "2024.09.11"]
[EventType "team-swiss"]
[EventRounds "11"]
[EventCountry "HUN"]
[SourceTitle "EXT 2025"]
[Source "ChessBase"]
[SourceDate "2024.10.14"]
[SourceVersion "1"]
[SourceVersionDate "2024.10.14"]
[SourceQuality "1"]
[WhiteTeam "Trinidad and Tobago"]
[BlackTeam "Hong Kong"]
[WhiteTeamCountry "TRI"]
[BlackTeamCountry "HKG"]

1. e4 c5 2. Nf3 Nc6 3. Nc3 g6 4. d4 cxd4 5. Nxd4 Bg7 6. Be3 Nf6 7. Bc4 0-0 8. Bb3 d5 9. exd5 Na5 10. Qd2 Nxb3 11. Nxb3 b6 12. 0-0-0 Bb7 13. f3 Qd7 14. d6 Qxd6 15. Qxd6 exd6 16. Rxd6 Rfd8 17. Rhd1 Rxd6 18. Rxd6 Kf8 19. Rd3 Re8 20. Bf4 Re1+ 21. Rd1 Rxd1+ 22. Kxd1 Nd5 23. Nxd5 Bxd5 24. c3 Ke7 25. Kc2 Bc4 26. Nd2 Be2 27. Bb8 Kd7 28. Bf4 h5 29. b3 Ke6 30. c4 Bd4 31. Bb8 a5 32. Bc7 Kd7 33. Bf4 Ke6 34. Ne4 Bf1 35. g3 a4 36. Kd2 f6 37. Be3 Bxe3+ 38. Kxe3 g5 39. Nd2 axb3 40. axb3 Bh3 41. Kd4 Bg2 42. Ke3 Ke5 43. Ne4 Ke6 44. Nc3 Ke5 45. Na4 b5 46. cxb5 Kd6 47. b6 Kc6 48. Nc5 Kxb6 49. Nd7+ Kb5 50. Nxf6 h4 51. g4 Kb4 52. Kf2 1-0

[Event "Olympiad-45"]
[Site "Budapest"]
[Date "2024.09.15"]
[Round "5.33"]
[White "Johnson, Joshua"]
[Black "Ferreira, Jorge Viterbo"]
[Result "0-1"]
[WhiteElo "2267"]
[BlackElo "2535"]
[PlyCount "96"]
[EventDate "2024.09.11"]
[EventType "team-swiss"]
[EventRounds "11"]
[EventCountry "HUN"]
[SourceTitle "EXT 2025"]
[Source "ChessBase"]
[SourceDate "2024.10.14"]
[SourceVersion "1"]
[SourceVersionDate "2024.10.14"]
[SourceQuality "1"]
[WhiteTeam "Trinidad and Tobago"]
[BlackTeam "Portugal"]
[WhiteTeamCountry "TRI"]
[BlackTeamCountry "POR"]

1. e4 c5 2. Nf3 d6 3. d4 cxd4 4. Nxd4 Nf6 5. Nc3 a6 6. Be2 e5 7. Nb3 Be7 8. 0-0 0-0 9. Qd3 Be6 10. Bd2 Nbd7 11. Nd5 Bxd5 12. exd5 Ne8 13. Na5 Rb8 14. b4 Bg5 15. Be1 f5 16. f3 f4 17. c4 Bh4 18. g3 Qg5 19. Kg2 Nef6 20. Qd2 Qg6 21. Bd3 e4 22. Bxe4 Nxe4 23. fxe4 Qxe4+ 24. Kh3 f3 25. Rd1 Bd8 26. Qd3 Qe8 27. Rxf3 Qh5+ 28. Kg2 Bxa5 29. g4 Qxg4+ 30. Rg3 Qf4 31. Bc3 Ne5 32. Bxe5 Qxe5 33. bxa5 Rbe8 34. Rd2 Rf4 35. Kh1 Re7 36. Rdg2 Rd4 37. Qf1 Rf7 38. Qe2 Re4 39. Qd3 Rd4 40. Qe2 Re4 41. Qd3 g6 42. Rc2 Rff4 43. Rf3 Re1+ 44. Kg2 Rg4+ 45. Rg3 Rxg3+ 46. Qxg3 Qe4+ 47. Kf2 Rd1 48. Re2 Qf5+ 0-1

[Event "Olympiad-45"]
[Site "Budapest"]
[Date "2024.09.12"]
[Round "2.49"]
[White "Johnson, Joshua"]
[Black "Morazo, John Ranel"]
[Result "1-0"]
[WhiteElo "2267"]
[BlackElo "2200"]
[PlyCount "141"]
[EventDate "2024.09.11"]
[EventType "team-swiss"]
[EventRounds "11"]
[EventCountry "HUN"]
[SourceTitle "EXT 2025"]
[Source "ChessBase"]
[SourceDate "2024.10.14"]
[SourceVersion "1"]
[SourceVersionDate "2024.10.14"]
[SourceQuality "1"]
[WhiteTeam "Trinidad and Tobago"]
[BlackTeam "Palau"]
[WhiteTeamCountry "TRI"]
[BlackTeamCountry "PAL"]

1. e4 c5 2. Nf3 Nc6 3. Bb5 Nf6 4. Nc3 g6 5. e5 Ng4 6. Qe2 Bg7 7. Bxc6 dxc6 8. h3 Nh6 9. Ne4 b6 10. 0-0 0-0 11. Rd1 Qc7 12. d3 f6 13. Bf4 fxe5 14. Bh2 Nf7 15. Ned2 Qd8 16. Nc4 Bd7 17. Ncxe5 Be8 18. Re1 a5 19. a4 Ra7 20. Qe3 Nd6 21. c3 Nf5 22. Qe4 Qd5 23. Nc4 Bf7 24. Nxb6 Qb3 25. Qxc6 Qxb2 26. Nd5 Qb7 27. Qxb7 Rxb7 28. Ne3 Bxc3 29. Nxf5 Bxe1 30. Nh6+ Kg7 31. Nxf7 Bc3 32. Be5+ Bxe5 33. N7xe5 Rfb8 34. Nd2 Rb2 35. Nec4 R2b4 36. Ne4 Rc8 37. Kf1 h6 38. Ke2 Rc7 39. Nxa5 Ra7 40. Nc4 Raxa4 41. Rxa4 Rxa4 42. Nxc5 Ra2+ 43. Ke3 Kf6 44. Ne4+ Ke6 45. Nc3 Ra1 46. Ne2 Kf5 47. Nd2 Ra2 48. Nf3 Rb2 49. Nf4 Ra2 50. Nh4+ Kf6 51. Nfxg6 e5 52. f4 exf4+ 53. Nxf4 Ra1 54. Nf3 Rb1 55. g4 Ra1 56. Ke4 Rb1 57. h4 Ra1 58. Nd5+ Kg6 59. Ne5+ Kg7 60. Kf5 Rh1 61. h5 Rd1 62. Nf4 Kh7 63. Kf6 Rf1 64. Neg6 Rd1 65. Kf7 Rf1 66. d4 Rf2 67. d5 Rf1 68. d6 Rf2 69. d7 Rf1 70. Ke7 Re1+ 71. Ne6 1-0

[Event "Titled Tuesday intern op 27th Aug Late"]
[Site "Chess.com INT"]
[Date "2024.08.27"]
[Round "7"]
[White "Schulz, Karsten"]
[Black "Johnson, Joshua"]
[Result "0-1"]
[WhiteElo "2166"]
[BlackElo "2277"]
[PlyCount "60"]
[EventDate "2024.08.27"]
[EventType "swiss (blitz)"]
[EventRounds "11"]
[EventCountry "USA"]
[SourceTitle "EXT 2025"]
[Source "ChessBase"]
[SourceDate "2024.10.14"]
[SourceVersion "1"]
[SourceVersionDate "2024.10.14"]
[SourceQuality "1"]

1. Nf3 d5 2. c4 d4 3. g3 Nc6 4. Bg2 e5 5. d3 Bb4+ 6. Bd2 a5 7. 0-0 Nge7 8. e4 dxe3 9. Bxe3 Bf5 10. d4 exd4 11. Nxd4 Bd7 12. a3 Bd6 13. c5 Be5 14. Nc3 0-0 15. Qd2 Nxd4 16. Bxd4 Bc6 17. Rad1 Bxg2 18. Kxg2 Bxd4 19. Qxd4 Nc6 20. Qxd8 Rfxd8 21. Nd5 Rac8 22. Rd2 Kf8 23. Rfd1 Rd7 24. b4 Rcd8 25. Rd3 Ne5 26. Rd4 c6 27. f4 Ng4 28. h3 Rxd5 29. Rxd5 Rxd5 30. Rxd5 Ne3+ 0-1

[Event "Budapest One Week GM-B 08"]
[Site "Budapest"]
[Date "2024.08.16"]
[Round "3"]
[White "Aveskulov, Valeriy"]
[Black "Johnson, Joshua"]
[Result "1-0"]
[WhiteElo "2486"]
[BlackElo "2277"]
[PlyCount "73"]
[EventDate "2024.08.14"]
[EventType "tourn"]
[EventRounds "9"]
[EventCountry "HUN"]
[EventCategory "6"]
[SourceTitle "EXT 2025"]
[Source "ChessBase"]
[SourceDate "2024.10.14"]
[SourceVersion "1"]
[SourceVersionDate "2024.10.14"]
[SourceQuality "1"]

1. e4 e5 2. Nf3 Nc6 3. Bb5 a6 4. Ba4 Nf6 5. 0-0 Be7 6. Re1 b5 7. Bb3 0-0 8. a4 Bb7 9. d3 d6 10. Nc3 b4 11. Nd5 Nxd5 12. Bxd5 Bf6 13. Be3 Qc8 14. Nd2 Nd8 15. a5 Rb8 16. c3 Nc6 17. Ba2 bxc3 18. bxc3 Nxa5 19. Bxf7+ Rxf7 20. Rxa5 Qd8 21. Qe2 Bc8 22. Nc4 c6 23. Raa1 Rb5 24. Qa2 d5 25. Na5 Be6 26. Nxc6 Qe8 27. Qxa6 Rb3 28. Reb1 Bc8 29. Qa8 Rxc3 30. exd5 Rxd3 31. Rb8 Rf8 32. h3 e4 33. Rc1 Qd7 34. Nb4 Rc3 35. Rxc3 Bxc3 36. Nc6 Qc7 37. Rxc8 1-0

[Event "American Continental 18th"]
[Site "Medellin"]
[Date "2024.05.31"]
[Round "10"]
[White "Markzon, Gregory"]
[Black "Johnson, Joshua"]
[Result "1-0"]
[WhiteElo "2002"]
[BlackElo "2310"]
[PlyCount "128"]
[EventDate "2024.05.24"]
[EventType "swiss"]
[EventRounds "11"]
[EventCountry "COL"]
[SourceTitle "CBM 220 Extra"]
[Source "ChessBase"]
[SourceDate "2024.07.31"]
[SourceVersion "1"]
[SourceVersionDate "2024.07.31"]
[SourceQuality "1"]

1. c4 c6 2. Nf3 d5 3. d4 Nf6 4. e3 Bf5 5. Nc3 e6 6. Bd3 Bg6 7. Ne5 Nbd7 8. Nxg6 hxg6 9. 0-0 Bd6 10. g3 dxc4 11. Bxc4 Nb6 12. Be2 e5 13. dxe5 Bxe5 14. Bf3 Qe7 15. Qe2 0-0-0 16. a4 a5 17. e4 Qe6 18. Bg2 Nc4 19. Bg5 Rd4 20. Rac1 Kb8 21. b3 Nb6 22. Na2 Ng4 23. h3 f6 24. Bd2 Qxb3 25. Bc3 Rxa4 26. Qxg4 Rxa2 27. Bxe5+ fxe5 28. Qxg6 Rd8 29. Qxg7 Nc4 30. h4 Ka7 31. Qe7 Rd4 32. h5 Qb4 33. Qf7 Rad2 34. h6 Nb6 35. h7 Rd8 36. Qf6 Qf8 37. Qxe5 Ra2 38. Ra1 Nc4 39. h8Q Qxh8 40. Qxh8 Rxh8 41. Rxa2 b5 42. Rc1 Kb6 43. Bf1 Ne5 44. Be2 c5 45. Rac2 c4 46. f4 Nc6 47. Kg2 Nd4 48. Bxc4 Nxc2 49. Rxc2 bxc4 50. Rxc4 Kb5 51. Rc1 a4 52. e5 a3 53. Kf3 Kb4 54. e6 Rf8 55. g4 a2 56. f5 Re8 57. Kf4 Kb3 58. Ra1 Kb2 59. Rxa2+ Kxa2 60. Ke5 Kb3 61. f6 Kc4 62. f7 Rf8 63. Kf6 Rh8 64. e7 Kd5 1-0

[Event "American Continental 18th"]
[Site "Medellin"]
[Date "2024.05.28"]
[Round "7"]
[White "Johnson, Joshua"]
[Black "Corrales Jimenez, Fidel"]
[Result "0-1"]
[WhiteElo "2310"]
[BlackElo "2545"]
[PlyCount "102"]
[EventDate "2024.05.24"]
[EventType "swiss"]
[EventRounds "11"]
[EventCountry "COL"]
[SourceTitle "CBM 220 Extra"]
[Source "ChessBase"]
[SourceDate "2024.07.31"]
[SourceVersion "1"]
[SourceVersionDate "2024.07.31"]
[SourceQuality "1"]

1. e4 c5 2. Nf3 Nc6 3. Bb5 e6 4. 0-0 Nge7 5. Re1 a6 6. Bxc6 Nxc6 7. d4 cxd4 8. Nxd4 Qc7 9. Nc3 Bd6 10. Nxc6 dxc6 11. f4 Bxf4 12. Bxf4 Qxf4 13. e5 0-0 14. Qd6 c5 15. Rad1 b5 16. Qc7 a5 17. Nxb5 Qc4 18. Rd8 Ba6 19. Rxa8 Rxa8 20. Rd1 h5 21. Nd6 Qe2 22. Qxf7+ Kh7 23. Qf3 Qxf3 24. gxf3 Be2 25. Rd2 Bxf3 26. Kf2 Rf8 27. Ke3 g5 28. Rf2 g4 29. Ne4 Rf5 30. Nxc5 Rxe5+ 31. Kd4 Rd5+ 32. Kc4 Rd1 33. Nd3 h4 34. Kd4 Kg6 35. Ke3 Kg5 36. c4 e5 37. Nxe5 Re1+ 38. Kd4 Re4+ 39. Kd5 Kf4 40. Ng6+ Ke3 41. Rc2 g3 42. Rc3+ Kf2 43. Rxf3+ Kxf3 44. Nxh4+ Rxh4 45. hxg3 Rh2 46. b3 Rxa2 47. c5 Rd2+ 48. Kc4 Ke4 49. c6 Rc2+ 50. Kb5 Kd5 51. Kxa5 Kxc6 0-1

[Event "American Continental 18th"]
[Site "Medellin"]
[Date "2024.05.25"]
[Round "3"]
[White "Johnson, Joshua"]
[Black "Hurtado Paez, Andres Jesus"]
[Result "1-0"]
[WhiteElo "2310"]
[BlackElo "1759"]
[PlyCount "94"]
[EventDate "2024.05.24"]
[EventType "swiss"]
[EventRounds "11"]
[EventCountry "COL"]
[SourceTitle "CBM 220 Extra"]
[Source "ChessBase"]
[SourceDate "2024.07.31"]
[SourceVersion "1"]
[SourceVersionDate "2024.07.31"]
[SourceQuality "1"]

1. e4 e5 2. Nf3 Nc6 3. Bc4 Bc5 4. d3 Nf6 5. 0-0 d6 6. c3 Bg4 7. Re1 0-0 8. h3 Be6 9. Bb5 a6 10. Bxc6 bxc6 11. d4 exd4 12. cxd4 Bb4 13. Bd2 Bxd2 14. Nbxd2 d5 15. e5 Nd7 16. Rc1 Rb8 17. Rxc6 Rxb2 18. Rxa6 c5 19. Nb3 Qc8 20. Ra3 cxd4 21. Nfxd4 Nb6 22. Qa1 Nc4 23. Ra4 Qb8 24. Rxc4 Rxb3 25. axb3 dxc4 26. Nxe6 fxe6 27. bxc4 Qc7 28. Qa6 Kf7 29. Re4 Ke7 30. Qa3+ Ke8 31. Qd6 Qxd6 32. exd6 Kd7 33. c5 Rf5 34. Rc4 Kc6 35. Rd4 Rf7 36. Kf1 Rf8 37. Rc4 Kd5 38. Rc2 g5 39. Ke2 h6 40. Ke3 h5 41. Rc3 Kc6 42. Rc4 Rf5 43. Rc2 Rd5 44. Rd2 Re5+ 45. Kf3 Kd7 46. c6+ Kd8 47. Ra2 Ke8 1-0

[Event "American Continental 18th"]
[Site "Medellin"]
[Date "2024.05.24"]
[Round "1"]
[White "Lopez Giraldo, Maria Camila"]
[Black "Johnson, Joshua"]
[Result "0-1"]
[WhiteElo "1827"]
[BlackElo "2310"]
[PlyCount "64"]
[EventDate "2024.05.24"]
[EventType "swiss"]
[EventRounds "11"]
[EventCountry "COL"]
[SourceTitle "CBM 220 Extra"]
[Source "ChessBase"]
[SourceDate "2024.07.31"]
[SourceVersion "1"]
[SourceVersionDate "2024.07.31"]
[SourceQuality "1"]

1. e4 d5 2. exd5 Qxd5 3. Nc3 Qa5 4. Bc4 Nf6 5. d4 Bg4 6. f3 Bd7 7. Nge2 e6 8. 0-0 b5 9. Bd3 c5 10. Be3 b4 11. Ne4 Nd5 12. Bf2 cxd4 13. Nxd4 Be7 14. Nb3 Qd8 15. Qe2 0-0 16. Rad1 Bc6 17. Bc4 Nd7 18. Nec5 Nxc5 19. Nxc5 Qd6 20. Rfe1 Rfe8 21. Rd2 Rad8 22. Red1 Bf8 23. Kh1 Qf4 24. Bg3 Qh6 25. Nd3 Bb7 26. Ne5 Rc8 27. Bb3 Ne3 28. Re1 Nf5 29. Bf2 Bd6 30. Ng4 Qh5 31. Qb5 Ng3+ 32. Kg1 Qxb5 0-1